| 000 | 00000nam##2200000za#4500 |
| 001 | 9.700457 |
| 003 | CaOODSP |
| 005 | 20210625000837 |
| 007 | cr ||||||||||| |
| 008 | 150407|2015||||xxc|||||o f|0| 0 eng|d |
| 040 | |aCaOODSP|beng |
| 043 | |an-cn--- |
| 086 | 1 |aCS89-654/1-2015E-PDF |
| 245 | 02|aA profile of persons with disabilities among Canadians aged 15 years or older, 2012 / |h[electronic resource]|cby Rubab Arim. |
| 246 | 1 |iAt head of title : |aCanadian Survey on Disability, 2012 |
| 260 | |aOttawa - Ontario : |bStatistics Canada |cRelease date: March 13, 2015. |
| 300 | |a28p.|bfigs., references, tables |
| 590 | |a15-11|b2015-03-13 |
| 690 | 07|aIntellectual disabilities|2gcpds |
| 710 | 2 |aStatistics Canada. |
| 775 | 08|tUn profil de l'incapacité chez les Canadiens âgés de 15 ans ou plus, 2012 / |w(CaOODSP)9.644343 |
| 856 | 40|ahttp://publications.gc.ca|qPDF|s732 KB|uhttps://publications.gc.ca/collections/collection_2015/statcan/89-654-x2015001-eng.pdf |